| 000 | 00554nam a2200205 a 4500 | ||
|---|---|---|---|
| 005 | 20140310183449.0 | ||
| 008 | 090116s19uu xx 00 eng d | ||
| 020 | _a9780071286732 | ||
| 050 |
_aHF 5549.12 _b.C42 2008 |
||
| 100 | _aCerto, Samuel C. | ||
| 245 |
_aSupervision : _bconcepts and skill-building./ |
||
| 250 | _a6th ed. | ||
| 260 |
_aBoston : _bMcGraw-Hill Irwin, _c2008. |
||
| 300 |
_a573 p. : _bill. ; _c26 cm. |
||
| 521 | _aBSBA | ||
| 650 | _aBSBA. | ||
| 650 | _aSupervision of employees. | ||
| 942 |
_cBK _2lcc _kFOR |
||
| 999 |
_c23353 _d23353 |
||